| 000 | 03035nam2a2200481 4500 | ||
|---|---|---|---|
| 001 | rc\2945944 | ||
| 005 | 20260525160238.0 | ||
| 010 |
_d5 р. 75 к., переплет 1 р. 25 к. _915000 |
||
| 021 |
_aRU _b12958/34 г. III |
||
| 035 | _a(NLR Aleph) 007206132 | ||
| 090 |
_a13713543 _c13713543 |
||
| 100 | _a20110828d1934 k||y0rusy50 ca | ||
| 101 | 0 | _arus | |
| 102 | _aRU | ||
| 105 | _aach z ||1e| | ||
| 135 | _acrmn mmmaaaua | ||
| 200 | 0 |
_aСборник 1 _fпод ред. А.В. Луначарского, Ф.Д. Кретова, Р.М. Плехановой |
|
| 210 |
_aМосква _cГосударственное социально-экономическое издательство _d1934 _g1-я Образцовая типография Огиза РСФСР треста "Полиграфкнига" |
||
| 215 |
_a126 с., 8 вкл. л. ил. _cпортр., факс. |
||
| 320 | _aБиблиогр.: "Библиографический указатель книг и периодических изданий, упомянутых в сборнике" (с. 400-427) | ||
| 320 | _aУказатели: предметный, именной (с. 392-399, 428-434) | ||
| 325 | _aКопия доступна в Электрон. б-ке РНБ | ||
| 327 | 0 |
_aСодерж.: Статьи, переписка, прокламации _aВ кн. также: Дом Плеханова (с. 4-10) |
|
| 461 | 0 |
_1001rc\2945943 _12001#$aЛитературное наследие Г.В. Плеханова$fГос. публичная б-ка. Дом Плеханова$vСборник 1 |
|
| 464 | 0 |
_12001#$aДом Плеханова _171202$3RU\NLR\AUTH\889969545$aПубличная библиотека им. М. Е. Салтыкова-Щедрина$cЛенинград$bДом Плеханова$4570 |
|
| 702 | 1 |
_aЛуначарский _bА. В. _f1875-1933 _gАнатолий Васильевич _3RU\NLR\AUTH\7717504 _4340 _7ca |
|
| 702 | 1 |
_aКретов _bФ. Д. _f1900-1989 _gФедор Дмитриевич _4340 |
|
| 702 | 1 |
_aПлеханова _bР. М. _f1856-1949 _gРозалия Марковна _3RU\NLR\AUTH\770210415 _4340 |
|
| 801 | 0 |
_aRU _bNLR _gpsbo |
|
| 801 | 1 |
_aRU _bELAR _2rusmarc |
|
| 801 | 2 |
_aRU _bNLR _c20150609 _2rusmarc |
|
| 852 |
_aNLR _j34-18/317 (1) |
||
| 856 | 0 | _uhttp://vivaldi.nlr.ru/bv000002946/view | |
| 856 | 1 | _uhttp://vivaldi.nlr.ru/bv000002946/cover | |
| 856 | 2 | _uhttp://vivaldi.nlr.ru/bv000002946/text | |
| 942 | _cBOOK | ||
| 980 | _aNB | ||
| 981 | 2 | 2 |
_a(22) Материалы по истории России _b(22) История России с 25 октября (7 ноября) 1917 года |
| 981 | 2 | 2 |
_a(22) Материалы по истории России _b(22) История развития общественной мысли и политических движений |
| 981 | 1 | 8 |
_a(18) Планета РНБ _b(18) Труды сотрудников РНБ |